Fetterich Saugnapf - Das Quiz - Statistiken

Allgemein
  • Dieses Quiz wurde 5 mal gespielt
  • Das Durchschnittsergebnis liegt bei 8 aus 12
Antwortstatistiken
Hinweis Antwort % Korrekt
Die Hautfarbe von Fetterich Saugnapf Gelb
100%
Wenn er physisch 70 Jahre alt war, wurde er geistig ___ 7
67%
In diesem Land lebte Fetterich Saugnapf Fettburg
67%
Im Krieg wurde er mithilfe dieser Gerätschaft als Waffe eingesetzt Katapult
67%
Obwohl er sehr rechts war verfolgte er diese Ideologie Kommunismus
67%
Fetterich Saugnapf verwandelte sich oft in dieses Objekt Minivan
67%
Sein politischer Rang Präsident
67%
Wenn er starb, wurde er aus diesem Objekt wiedergeboren Toaster
67%
Das Lieblingsessen von Fetterich Saugnapf Wurst
67%
Liebster Freizeitpark von Fetterich Saugnapf Wurst-Paradies
67%
Fetterichs bester Freund Günter Fettbauch
33%
Der biologische Vater von Fetterich Saugnapf Jürgen Saugnapf
33%
Keine übereinstimmenden Quizze gefunden
Verteilung der Resultate
Anzahl Personen mit jedem Resultat
Perzentil nach korrekt beantworteten Fragen
Ihre Resultats-Entwicklung
Sie haben dieses Quiz noch nicht gespielt